| 000 | 00819nam a2200253Ia 4500 | ||
|---|---|---|---|
| 003 | OSt | ||
| 005 | 20220918170915.0 | ||
| 006 | a|||||r|||| 00| 0 | ||
| 007 | ta | ||
| 008 | 220917b |||||||| |||| 00| 0 eng d | ||
| 020 |
_a9780815353058 (hbk) _cINR 595.00 |
||
| 024 | _a326,614 | ||
| 037 |
_b1480, 29/01/2018, Bright Book Service _cTextual |
||
| 040 |
_aARTS _cARTS _beng |
||
| 041 |
_2eng _aeng |
||
| 082 | _aQ4:(V:71).49G, Q8 | ||
| 100 |
_aRay Himanshu Prabha Au. _932188 |
||
| 245 | 0 | _aArcheology and buddhism in South Asia | |
| 260 |
_aLondon _bRoutledge UK _c2018 |
||
| 300 |
_aix,139p. _ccm. |
||
| 650 |
_aARCHEOLOGY - SOUTH ASIA; BUDDHISM _932189 |
||
| 942 |
_hQ4:(V:71).49G, Q8 _cTEXL _2CC |
||
| 999 |
_c136615 _d136615 |
||